Word Scramble - California Cities - Statistics

General Stats
  • This quiz has been taken 123 times
  • The average score is 10 of 20
Answer Stats
Hint Answer % Correct
ONFSER FRESNO
80%
KNURBBA BURBANK
78%
KLYEEERB BERKELEY
72%
OOTDESM MODESTO
72%
CRONOCD CONCORD
67%
AAKDOLN OAKLAND
57%
XRNADO OXNARD
56%
TROFMEN FREMONT
54%
FEDLREIBKAS BAKERSFIELD
52%
DEAPSANA PASADENA
51%
HIANAME ANAHEIM
48%
KSCTTNOO STOCKTON
48%
VDSIRREEI RIVERSIDE
47%
BRALDASC CARLSBAD
40%
TERVAUN VENTURA
40%
VLEIVCTROLI VICTORVILLE
39%
DLLEGNAE GLENDALE
36%
TOLFENURL FULLERTON
27%
LAUNVYNES SUNNYVALE
24%
DEIACEONS OCEANSIDE
23%
No matching quizzes found
Score Distribution
Percent of People with Each Score
Percentile by Number Answered
Your Score History
You have not taken this quiz